000
00334nam a2200145Ia 4500
100
_a
Doyle/J.M
650
_a
Electrical Engineering
942
_c
RB
654
_a
Switching
245
_a
Digital Switching & Timing Circuits
260
_b
Dux-Bury Press
_a
California
_c
1976
082
_a
621.3
300
_a
384
546
_a
ENGLISH
999
_c
29128
_d
29128